Professionalism and research in library and information science / (Record no. 122884)

MARC details
000 -LEADER
fixed length control field 00773nam a22002657a 4500
003 - CONTROL NUMBER IDENTIFIER
control field 0
005 - DATE AND TIME OF LATEST TRANSACTION
control field 20180803132409.0
008 - FIXED-LENGTH DATA ELEMENTS--GENERAL INFORMATION
fixed length control field 0
010 ## - LIBRARY OF CONGRESS CONTROL NUMBER
LC control number B-031079
020 ## - INTERNATIONAL STANDARD BOOK NUMBER
International Standard Book Number 817000245
Terms of availability 475.00
035 ## - SYSTEM CONTROL NUMBER
System control number B-031079,B-031080
037 ## - SOURCE OF ACQUISITION
Source of stock number/acquisition Cen Lib/Ret
040 ## - CATALOGING SOURCE
Original cataloging agency DPL
Language of cataloging EN
Transcribing agency 0
082 ## - DEWEY DECIMAL CLASSIFICATION NUMBER
Classification number 025.52
Item number LAH
100 ## - MAIN ENTRY--PERSONAL NAME
Personal name Lahiri, Ramansu
9 (RLIN) 107166
245 ## - TITLE STATEMENT
Title Professionalism and research in library and information science /
Statement of responsibility, etc by Ramansu Lahiri
246 ## - VARYING FORM OF TITLE
Remainder of title
260 ## - PUBLICATION, DISTRIBUTION, ETC. (IMPRINT)
Name of publisher, distributor, etc Ess Ess Publications
Date of publication, distribution, etc 1999
Place of publication, distribution, etc New Delhi
270 ## - ADDRESS
City New Delhi
Address 4837/24, Ansari Road ,Daryaganj
Postal code 110002
300 ## - PHYSICAL DESCRIPTION
Extent 210p.
Dimensions 21cm(Hb)
500 ## - GENERAL NOTE
General note Includes index
650 ## - SUBJECT ADDED ENTRY--TOPICAL TERM
Topical term or geographic name as entry element Library science
9 (RLIN) 107167
650 ## - SUBJECT ADDED ENTRY--TOPICAL TERM
Topical term or geographic name as entry element Professionalism
9 (RLIN) 2874
942 ## - ADDED ENTRY ELEMENTS (KOHA)
Source of classification or shelving scheme Dewey Decimal Classification
Koha item type English Books
Classification part 025.52
Call number suffix LAH
Holdings
Withdrawn status Lost status Damaged status Not for loan Collection code Home library Current library Date acquired Source of acquisition Cost, normal purchase price Total Checkouts Full call number Barcode Date last seen Copy number Cost, replacement price Price effective from Koha item type Total Renewals Date checked out Source of classification or shelving scheme
      Not For Loan Reference Central Library Central Library 30/05/2015 Cen Lib/Ret 475.00   025.52 LAH B-031079 30/05/2015 1 475.00 15/09/2016 English Books      
          Central Library Central Library 23/07/2015 Cen Lib/Ret 475.00 1 025.52 LAH B-031078 03/07/2018 1 475.00 23/07/2015 English Books 1 11/06/2018  
        Non-fiction Patel Nagar Patel Nagar 03/08/2018 BPPD/PUB 475.00   025.52 LAH B-031080 03/08/2018   475.00 03/08/2018 English Books     Dewey Decimal Classification

© Delhi Public Library
Hit Counter
free hit counter